| 000 | 00381nam a22001457a 4500 | ||
|---|---|---|---|
| 005 | 20250714125835.0 | ||
| 008 | 250714b |||||||| |||| 00| 0 eng d | ||
| 020 | _a9780825420467 | ||
| 050 |
_aBT122 _b.5 BAK |
||
| 100 | _aRONALD E. BAXTER | ||
| 245 | _aCHARISMATIC GIFT OF TONGUES | ||
| 260 |
_aGRAND RAPIDS _bKREGEL PUBLICATIONS _cc1981 |
||
| 300 | _avi, 149p | ||
| 942 |
_2lcc _cBK _n0 |
||
| 999 |
_c6955 _d6955 |
||